000 00253nam a2200097Ia 4500
001 640770
005 20250826153453.0
008 250824s9999 xx 000 0 und d
245 0 _aBİR DELİNİN SINAV GÜNLÜĞÜ
_cERCAN HARMANCI
260 _bGENÇ TİMAŞ
999 _c640770
_d640770